000 00445nam a2200169Ia 4500
005 20250423101039.0
008 250422s9999 xx 000 0 und d
020 _a9783869224008
050 _aNA 8200 .A73/
100 _aEdited by Meuser, Philipp and Dalbai, Adil
245 0 _aSub-Saharan Africa Architecture Guide
260 _bDOM Publishers
260 _c2023
300 _a217 p
650 _aSustainable architecture.
942 _cBK
999 _c35124
_d35124